Chemistry /
保存先:
| その他の著者: | , , , |
|---|---|
| フォーマット: | Sách giấy |
| 言語: | English |
| 出版事項: |
Boston :
Allyn and Bacon,
2011.
|
| タグ: |
タグ追加
タグなし, このレコードへの初めてのタグを付けませんか!
|
| Thư viện lưu trữ: | Thư viện Trường Đại học Đà Lạt |
|---|
| LEADER | 00707nam a2200301 4500 | ||
|---|---|---|---|
| 001 | DLU110124681 | ||
| 005 | ##20110908 | ||
| 040 | # | # | |a DLU |b vie |
| 041 | # | # | |a eng |
| 044 | # | # | |a us |
| 082 | # | # | |a 540 |b Che |
| 245 | # | # | |a Chemistry / |c Ronald J. Gillespie,...[et all]. |
| 260 | # | # | |a Boston : |b Allyn and Bacon, |c 2011. |
| 300 | # | # | |a xviii, 895 p. ; |c 26 cm. |
| 700 | # | # | |a Baird, N. Colin. |
| 700 | # | # | |a Gillespie, Ronald J. |
| 700 | # | # | |a Humphreys, David A. |
| 700 | # | # | |a Robinson, Edward A. |
| 991 | # | # | |a GT |
| 992 | # | # | |a 0 |
| 994 | # | # | |a DLU |
| 900 | # | # | |a True |
| 911 | # | # | |a Lý Thị Hồng Hạnh |
| 925 | # | # | |a G |
| 926 | # | # | |a A |
| 927 | # | # | |a SH |
| 980 | # | # | |a Thư viện Trường Đại học Đà Lạt |